|
|
|
|
| LEADER |
00639cam a2200229 a 4500 |
| 001 |
0000055772 |
| 005 |
20010628090000.0 |
| 040 |
|
|
|a mod
|
| 041 |
|
|
|a eng
|
| 020 |
0 |
0 |
|a 0751363030
|
| 049 |
0 |
0 |
|a SKK
|
| 090 |
0 |
0 |
|a 910.91634
|b ADA
|c fK
|
| 100 |
1 |
0 |
|a Adams
|h Simon
|
| 245 |
1 |
0 |
|a Titanic
|c Simon Adams
|
| 260 |
0 |
0 |
|a London
|b Dolring Kondersley Ltd.
|c 1999
|
| 300 |
0 |
0 |
|a 59p.
|b ill.
|c 28cm
|
| 440 |
0 |
0 |
|a Eyewitness books
|
| 650 |
0 |
0 |
|a Titanic (Steamship
|
| 650 |
0 |
0 |
|a Shipwrecks
|
| 650 |
0 |
0 |
|a Titanic (Steamship
|x Juvenile literature
|
| 852 |
0 |
0 |
|a 01
|
| 999 |
|
|
|a 0185307
|b KEMENTAH
|d BOOKS
|e Koleksi Kanak-kanak (K)
|f Perpustakaan KEMENTAH
|j AVAILABLE
|q GOOD CONDITION
|